000 00595nam a22001931a 4500
003 NEGST
005 20141202020003.0
008 030611s1993 001 0 eng d
020 _a9966831134
245 0 0 _aArms and daggers in the heart of Africa :
_bstudies on internal conflicts /
_ced. by P. Anyang' Nyong'o.
_h[Text]
260 _aNairobi
_bAcademy Science Pub.
_c1993
300 _avii, 364p.
500 _aIncludes bibliography and index.
590 _aAccession number: 18922
650 0 _aAfrica
_xHistory
_x1960-
700 1 _aNyong'o, Peter Anyang'
942 0 0 _01
999 _c32945
_d32945